Vocabulary Words Ending in "Tor" - Statistics

General Stats
  • This quiz has been taken 40,187 times
    34,639 since last reset
  • The average score is 14 of 22
Answer Stats
Definition Word % Correct
Theater performer Actor
95%
Arena combatant in ancient Rome Gladiator
93%
Totalitarian leader Dictator
91%
Physician Doctor
87%
Airplane pilot Aviator
77%
One who watches a sporting event Spectator
77%
One who determines a ship's course Navigator
74%
One who manages a museum collection Curator
69%
One who wins Victor
68%
Lawyer who tries to convict the defendant Prosecutor
67%
"First person" who gives the account of events in a book Narrator
64%
In Britain, this person would be called an estate agent Realtor
64%
Opposite of descendant Ancestor
63%
Legislator in ancient Rome or the modern-day U.S. Senator
62%
Maestro Conductor
58%
Bird of prey Raptor
50%
Person who carries out a will Executor
49%
One who checks the accuracy of financial statements Auditor
45%
Car part made obsolete by fuel injection Carburetor
42%
Part of a bomb that starts the explosion Detonator
42%
One who searched for heresy against the Catholic church Inquisitor
37%
Business owner Proprietor
30%
No matching quizzes found
Score Distribution
Percent of People with Each Score
Percentile by Number Answered
Your Score History
You have not taken this quiz since the last reset